[Event "Stay Safe Play From Home 256"]
[Site "Emanuel Lasker Arena"]
[Date "2020.06.26"]
[Round "8"]
[White "Fischer_11"]
[Black "SoulofWolf"]
[Result "0-1"]
[WhiteElo "1900"]
[BlackElo "2271"]
[Annotator "NA"]
[PlyCount "116"]
[EventDate "2020.06.26"]
[EventType "swiss (blitz)"]

1. e4 {[%emt 0:00:02]} e5 {[%emt 0:00:00]} 2. Bc4 {[%emt 0:00:02]} Nc6 {[%emt 0:00:00]} 3. Nc3 {[%emt 0:00:00]} d6 {[%emt 0:00:01]} 4. d3 {[%emt 0:00:01]} Be6 {[%emt 0:00:01]} 5. f4 {[%emt 0:00:00]} Bxc4 {[%emt 0:00:01]} 6. dxc4 {[%emt 0:00:00]} Nf6 {[%emt 0:00:01]} 7. fxe5 {[%emt 0:00:00]} Nxe5 {[%emt 0:00:01]} 8. Nf3 {[%emt 0:00:01]} Nxc4 {[%emt 0:00:01]} 9. O-O {[%emt 0:00:01]} Be7 {[%emt 0:00:01]} 10. e5 {[%emt 0:00:00]} Nxe5 {[%emt 0:00:01]} 11. Nxe5 {[%emt 0:00:01]} dxe5 {[%emt 0:00:00]} 12. Qe2 {[%emt 0:00:01]} Bd6 {[%emt 0:00:01]} 13. Bg5 {[%emt 0:00:01]} h6 {[%emt 0:00:06]} 14. Bxf6 {[%emt 0:00:01]} gxf6 {[%emt 0:00:00]} 15. Ne4 {[%emt 0:00:01]} Be7 {[%emt 0:00:01]} 16. Rad1 {[%emt 0:00:02]} Qc8 {[%emt 0:00:02]} 17. Nxf6+ {[%emt 0:00:01]} Bxf6 {[%emt 0:00:00]} 18. Rxf6 {[%emt 0:00:01]} Rg8 {[%emt 0:00:08]} 19. Qxe5+ {[%emt 0:00:02]} Kf8 {[%emt 0:00:00]} 20. Rxh6 {[%emt 0:00:04]} Qg4 {[%emt 0:00:02]} 21. Qc5+ {[%emt 0:00:04]} Kg7 {[%emt 0:00:01]} 22. Qh5 {[%emt 0:00:02]} Qxh5 {[%emt 0:00:03]} 23. Rxh5 {[%emt 0:00:00]} Rae8 {[%emt 0:00:01]} 24. Rg5+ {[%emt 0:00:02]} Kf8 {[%emt 0:00:01]} 25. Rxg8+ {[%emt 0:00:00]} Kxg8 {[%emt 0:00:00]} 26. Kf2 {[%emt 0:00:00]} Re7 {[%emt 0:00:01]} 27. Rd3 {[%emt 0:00:02]} Kg7 {[%emt 0:00:00]} 28. h4 {[%emt 0:00:01]} Kh6 {[%emt 0:00:01]} 29. g4 {[%emt 0:00:01]} Kg6 {[%emt 0:00:01]} 30. Kf3 {[%emt 0:00:01]} f6 {[%emt 0:00:01]} 31. Re3 {[%emt 0:00:01]} Rd7 {[%emt 0:00:01]} 32. Re2 {[%emt 0:00:02]} Rd4 {[%emt 0:00:01]} 33. c3 {[%emt 0:00:01]} Ra4 {[%emt 0:00:01]} 34. a3 {[%emt 0:00:01]} Ra5 {[%emt 0:00:00]} 35. Re4 {[%emt 0:00:02]} Rd5 {[%emt 0:00:02]} 36. Rd4 {[%emt 0:00:01]} Re5 {[%emt 0:00:01]} 37. Kf4 {[%emt 0:00:01]} Rb5 {[%emt 0:00:01]} 38. b4 {[%emt 0:00:01]} Rb6 {[%emt 0:00:01]} 39. c4 {[%emt 0:00:02]} Ra6 {[%emt 0:00:01]} 40. Rd3 {[%emt 0:00:01]} Rc6 {[%emt 0:00:00]} 41. c5 {[%emt 0:00:01]} Re6 {[%emt 0:00:00]} 42. Rd7 {[%emt 0:00:02]} Rc6 {[%emt 0:00:03]} 43. h5+ {[%emt 0:00:02]} Kh6 {[%emt 0:00:00]} 44. Kf5 {[%emt 0:00:00]} a6 {[%emt 0:00:01]} 45. Rf7 {[%emt 0:00:01]} a5 {[%emt 0:00:03]} 46. Rxf6+ {[%emt 0:00:00]} Rxf6+ {[%emt 0:00:00]} 47. Kxf6 {[%emt 0:00:00]} axb4 {[%emt 0:00:00]} 48. axb4 {[%emt 0:00:00]} Kh7 {[%emt 0:00:00]} 49. g5 {[%emt 0:00:00]} Kg8 {[%emt 0:00:01]} 50. g6 {[%emt 0:00:01]} Kh8 {[%emt 0:00:00]} 51. h6 {[%emt 0:00:00]} Kg8 {[%emt 0:00:00]} 52. g7 {[%emt 0:00:01]} Kh7 {[%emt 0:00:00]} 53. Kf7 {[%emt 0:00:01]} Kxh6 {[%emt 0:00:00]} 54. g8=Q {[%emt 0:00:01]} Kh5 {[%emt 0:00:00]} 55. Kf6 {[%emt 0:00:00]} Kh4 {[%emt 0:00:00]} 56. Kf5 {[%emt 0:00:00]} Kh3 {[%emt 0:00:00]} 57. Kf4 {[%emt 0:00:00]} Kh2 {[%emt 0:00:00]} 58. Kf3 {[%emt 0:00:00]} Kh1 {[%emt 0:00:00] Zeit (Lag: Av=0.28s, max=0.7s)} 0-1

[Event "Stay Safe Play From Home 256"]
[Site "Emanuel Lasker Arena"]
[Date "2020.06.26"]
[Round "8"]
[White "grazie"]
[Black "Bardellosport"]
[Result "0-1"]
[WhiteElo "1792"]
[BlackElo "2026"]
[PlyCount "56"]
[EventDate "2020.06.26"]
[EventType "swiss (blitz)"]

1. d4 {[%emt 0:00:01]} d6 {[%emt 0:00:00]} 2. c3 {[%emt 0:00:00]} f5 {[%emt 0:00:01]} 3. g3 {[%emt 0:00:01]} Nf6 {[%emt 0:00:00]} 4. Bg2 {[%emt 0:00:00]} g6 {[%emt 0:00:00]} 5. Nf3 {[%emt 0:00:00]} Bg7 {[%emt 0:00:00]} 6. Bg5 {[%emt 0:00:00]} O-O {[%emt 0:00:00]} 7. Bxf6 {[%emt 0:00:00]} Bxf6 {[%emt 0:00:01]} 8. Qb3+ {[%emt 0:00:00]} d5 {[%emt 0:00:01]} 9. Nbd2 {[%emt 0:00:01]} c6 {[%emt 0:00:00]} 10. O-O {[%emt 0:00:01]} e6 {[%emt 0:00:01]} 11. e3 {[%emt 0:00:00]} Nd7 {[%emt 0:00:00]} 12. c4 {[%emt 0:00:00]} Qe7 {[%emt 0:00:00]} 13. cxd5 {[%emt 0:00:00]} exd5 {[%emt 0:00:00]} 14. Rac1 {[%emt 0:00:01]} Bg7 {[%emt 0:00:01]} 15. a3 {[%emt 0:00:01]} Nf6 {[%emt 0:00:01]} 16. Rfe1 {[%emt 0:00:02]} Ne4 {[%emt 0:00:00]} 17. Nxe4 {[%emt 0:00:01]} fxe4 {[%emt 0:00:00]} 18. Nd2 {[%emt 0:00:01]} Bg4 {[%emt 0:00:01]} 19. Nxe4 {[%emt 0:00:01]} Qf7 {[%emt 0:00:03]} 20. Nd6 {[%emt 0:00:08]} Qxf2+ {[%emt 0:00:01]} 21. Kh1 {[%emt 0:00:01]} Bf3 {[%emt 0:00:00]} 22. Rg1 {[%emt 0:00:02]} Bxg2+ {[%emt 0:00:02]} 23. Rxg2 {[%emt 0:00:01]} Qf3 {[%emt 0:00:00]} 24. Rcg1 {[%emt 0:00:02]} Bh6 {[%emt 0:00:02]} 25. Qxb7 {[%emt 0:00:06]} Bxe3 {[%emt 0:00:02]} 26. Qxc6 {[%emt 0:00:01]} Bxg1 {[%emt 0:00:01]} 27. Kxg1 {[%emt 0:00:01]} Rab8 {[%emt 0:00:03]} 28. b4 {[%emt 0:00:03]} Qf1# {[%emt 0:00:03] (Lag: Av=0.29s, max=1.5s)} 0-1

[Event "Stay Safe Play From Home 256"]
[Site "Emanuel Lasker Arena"]
[Date "2020.06.26"]
[Round "8"]
[White "Haris kollari 13"]
[Black "AChessPlayer"]
[Result "0-1"]
[WhiteElo "1773"]
[BlackElo "2441"]
[Annotator "NA"]
[PlyCount "88"]
[EventDate "2020.06.26"]
[EventType "swiss (blitz)"]

1. e4 {[%emt 0:00:01]} e5 {[%emt 0:00:02]} 2. Nf3 {[%emt 0:00:01]} Nc6 {[%emt 0:00:00]} 3. Bb5 {[%emt 0:00:01]} Nf6 {[%emt 0:00:01]} 4. Nc3 {[%emt 0:00:02]} Bc5 {[%emt 0:00:01]} 5. d3 {[%emt 0:00:01]} O-O {[%emt 0:00:01]} 6. Bg5 {[%emt 0:00:01]} Re8 {[%emt 0:00:00]} 7. O-O {[%emt 0:00:01]} h6 {[%emt 0:00:00]} 8. Bh4 {[%emt 0:00:01]} Bf8 {[%emt 0:00:02]} 9. Nd5 {[%emt 0:00:02]} g5 {[%emt 0:00:01]} 10. Nxf6+ {[%emt 0:00:03]} Qxf6 {[%emt 0:00:00]} 11. Bg3 {[%emt 0:00:01]} d6 {[%emt 0:00:00]} 12. Qd2 {[%emt 0:00:02]} Bg4 {[%emt 0:00:02]} 13. Qe3 {[%emt 0:00:03]} Bxf3 {[%emt 0:00:02]} 14. Bxc6 {[%emt 0:00:04]} bxc6 {[%emt 0:00:02]} 15. Qxf3 {[%emt 0:00:01]} Qxf3 {[%emt 0:00:01]} 16. gxf3 {[%emt 0:00:01]} Rab8 {[%emt 0:00:00]} 17. b3 {[%emt 0:00:02]} f6 {[%emt 0:00:00]} 18. h4 {[%emt 0:00:01]} Kf7 {[%emt 0:00:00]} 19. hxg5 {[%emt 0:00:01]} hxg5 {[%emt 0:00:00]} 20. Kg2 {[%emt 0:00:01]} Kg6 {[%emt 0:00:01]} 21. Rh1 {[%emt 0:00:01]} Be7 {[%emt 0:00:00]} 22. Rh3 {[%emt 0:00:02]} Rh8 {[%emt 0:00:00]} 23. Rah1 {[%emt 0:00:01]} Rxh3 {[%emt 0:00:00]} 24. Rxh3 {[%emt 0:00:01]} d5 {[%emt 0:00:01]} 25. Rh1 {[%emt 0:00:05]} Kg7 {[%emt 0:00:01]} 26. Kh3 {[%emt 0:00:02]} Rh8+ {[%emt 0:00:04]} 27. Kg2 {[%emt 0:00:01]} Rxh1 {[%emt 0:00:00]} 28. Kxh1 {[%emt 0:00:01]} Kf7 {[%emt 0:00:00]} 29. Kg2 {[%emt 0:00:00]} Ke6 {[%emt 0:00:00]} 30. Kh3 {[%emt 0:00:00]} Bc5 {[%emt 0:00:00]} 31. Kg4 {[%emt 0:00:02]} Bd4 {[%emt 0:00:00]} 32. Kh5 {[%emt 0:00:02]} Bc5 {[%emt 0:00:06]} 33. Kg6 {[%emt 0:00:00]} Be7 {[%emt 0:00:01]} 34. Kg7 {[%emt 0:00:01]} a5 {[%emt 0:00:02]} 35. Kg6 {[%emt 0:00:01]} dxe4 {[%emt 0:00:14]} 36. fxe4 {[%emt 0:00:01]} Bb4 {[%emt 0:00:06]} 37. a3 {[%emt 0:00:01]} Bd2 {[%emt 0:00:00]} 38. f3 {[%emt 0:00:01]} Bc1 {[%emt 0:00:00]} 39. a4 {[%emt 0:00:01]} Bd2 {[%emt 0:00:01]} 40. Bf2 {[%emt 0:00:01]} g4 {[%emt 0:00:01]} 41. fxg4 {[%emt 0:00:01]} Bg5 {[%emt 0:00:00]} 42. Ba7 {[%emt 0:00:02]} Kd6 {[%emt 0:00:00]} 43. Bb8 {[%emt 0:00:01]} c5 {[%emt 0:00:00]} 44. Ba7 {[%emt 0:00:01]} Kc6 {[%emt 0:00:00] Time (Lag: Av=0.61s, max=1.6s)} 0-1

[Event "Stay Safe Play From Home 256"]
[Site "Emanuel Lasker Arena"]
[Date "2020.06.26"]
[Round "8"]
[White "NeatFox"]
[Black "Grizzzly"]
[Result "1-0"]
[WhiteElo "1744"]
[BlackElo "1813"]
[Annotator "NA"]
[PlyCount "87"]
[EventDate "2020.06.26"]
[EventType "swiss (blitz)"]

1. g4 {[%emt 0:00:01]} d5 {[%emt 0:00:01]} 2. Bg2 {[%emt 0:00:00]} c6 {[%emt 0:00:00]} 3. c4 {[%emt 0:00:00]} e6 {[%emt 0:00:01]} 4. cxd5 {[%emt 0:00:00]} exd5 {[%emt 0:00:01]} 5. Qb3 {[%emt 0:00:00]} Qb6 {[%emt 0:00:01]} 6. Qxb6 {[%emt 0:00:01]} axb6 {[%emt 0:00:00]} 7. g5 {[%emt 0:00:00]} Nd7 {[%emt 0:00:01]} 8. d4 {[%emt 0:00:00]} Bb4+ {[%emt 0:00:03]} 9. Nd2 {[%emt 0:00:02]} Ne7 {[%emt 0:00:03]} 10. a3 {[%emt 0:00:01]} Bd6 {[%emt 0:00:04]} 11. e4 {[%emt 0:00:01]} dxe4 {[%emt 0:00:01]} 12. Nxe4 {[%emt 0:00:00]} Bc7 {[%emt 0:00:01]} 13. Nf3 {[%emt 0:00:02]} Nd5 {[%emt 0:00:01]} 14. Be3 {[%emt 0:00:02]} Nxe3 {[%emt 0:00:03]} 15. fxe3 {[%emt 0:00:00]} O-O {[%emt 0:00:01]} 16. O-O {[%emt 0:00:01]} Re8 {[%emt 0:00:00]} 17. Rac1 {[%emt 0:00:03]} Nf8 {[%emt 0:00:00]} 18. h4 {[%emt 0:00:04]} Rxe4 {[%emt 0:00:01]} 19. Nd2 {[%emt 0:00:02]} Re8 {[%emt 0:00:01]} 20. e4 {[%emt 0:00:02]} Bf4 {[%emt 0:00:02]} 21. Rc2 {[%emt 0:00:02]} Bxd2 {[%emt 0:00:01]} 22. Rxd2 {[%emt 0:00:00]} Ne6 {[%emt 0:00:05]} 23. d5 {[%emt 0:00:01]} cxd5 {[%emt 0:00:01]} 24. exd5 {[%emt 0:00:00]} Nc5 {[%emt 0:00:00]} 25. d6 {[%emt 0:00:01]} Rd8 {[%emt 0:00:00]} 26. Rfd1 {[%emt 0:00:02]} Bd7 {[%emt 0:00:00]} 27. b4 {[%emt 0:00:02]} Nb3 {[%emt 0:00:03]} 28. Rd3 {[%emt 0:00:01]} Ba4 {[%emt 0:00:03]} 29. Bxb7 {[%emt 0:00:02]} Rab8 {[%emt 0:00:01]} 30. Bc6 {[%emt 0:00:01]} b5 {[%emt 0:00:01]} 31. d7 {[%emt 0:00:01]} Rb6 {[%emt 0:00:01]} 32. Be4 {[%emt 0:00:04]} g6 {[%emt 0:00:01]} 33. h5 {[%emt 0:00:01]} Rb7 {[%emt 0:00:04]} 34. Bxb7 {[%emt 0:00:02]} Kf8 {[%emt 0:00:02]} 35. Bc8 {[%emt 0:00:01]} Ke7 {[%emt 0:00:00]} 36. Re3+ {[%emt 0:00:01]} Kf8 {[%emt 0:00:01]} 37. Rde1 {[%emt 0:00:01]} Rxd7 {[%emt 0:00:03]} 38. Bxd7 {[%emt 0:00:01]} Nc5 {[%emt 0:00:02]} 39. Bc6 {[%emt 0:00:02]} gxh5 {[%emt 0:00:01]} 40. Re8+ {[%emt 0:00:02]} Kg7 {[%emt 0:00:00]} 41. R8e3 {[%emt 0:00:01]} Kg6 {[%emt 0:00:00]} 42. bxc5 {[%emt 0:00:01]} Kxg5 {[%emt 0:00:00]} 43. Rg3+ {[%emt 0:00:01]} Kf4 {[%emt 0:00:01]} 44. Kh2 {[%emt 0:00:00] Zeit} 1-0

[Event "Stay Safe Play From Home 256"]
[Site "Emanuel Lasker Arena"]
[Date "2020.06.26"]
[Round "9"]
[White "Lnram"]
[Black "Haris kollari 13"]
[Result "1-0"]
[WhiteElo "2485"]
[BlackElo "1773"]
[Annotator "NA"]
[PlyCount "61"]
[EventDate "2020.06.26"]
[EventType "swiss (blitz)"]

1. g3 {[%emt 0:00:01]} d5 {[%emt 0:00:00]} 2. Bg2 {[%emt 0:00:02]} e5 {[%emt 0:00:00]} 3. d3 {[%emt 0:00:04]} c6 {[%emt 0:00:01]} 4. Nf3 {[%emt 0:00:01]} f6 {[%emt 0:00:01]} 5. O-O {[%emt 0:00:01]} Bd6 {[%emt 0:00:01]} 6. Nc3 {[%emt 0:00:01]} Be6 {[%emt 0:00:01]} 7. e4 {[%emt 0:00:01]} d4 {[%emt 0:00:01]} 8. Ne2 {[%emt 0:00:01]} Qd7 {[%emt 0:00:00]} 9. Nh4 {[%emt 0:00:01]} g5 {[%emt 0:00:03]} 10. Nf5 {[%emt 0:00:01]} Bxf5 {[%emt 0:00:01]} 11. exf5 {[%emt 0:00:01]} Qxf5 {[%emt 0:00:01]} 12. f4 {[%emt 0:00:01]} gxf4 {[%emt 0:00:03]} 13. gxf4 {[%emt 0:00:01]} Qe6 {[%emt 0:00:06]} 14. Ng3 {[%emt 0:00:02]} Nd7 {[%emt 0:00:03]} 15. Qh5+ {[%emt 0:00:02]} Qf7 {[%emt 0:00:03]} 16. Qf5 {[%emt 0:00:01]} O-O-O {[%emt 0:00:02]} 17. fxe5 {[%emt 0:00:02]} Bxe5 {[%emt 0:00:03]} 18. Bh3 {[%emt 0:00:01]} Ne7 {[%emt 0:00:02]} 19. Qxe5 {[%emt 0:00:01]} h5 {[%emt 0:00:07]} 20. Qe6 {[%emt 0:00:02]} Qxe6 {[%emt 0:00:02]} 21. Bxe6 {[%emt 0:00:00]} h4 {[%emt 0:00:01]} 22. Nf5 {[%emt 0:00:01]} Nxf5 {[%emt 0:00:02]} 23. Bxf5 {[%emt 0:00:01]} h3 {[%emt 0:00:02]} 24. Bf4 {[%emt 0:00:02]} Rde8 {[%emt 0:00:01]} 25. Rae1 {[%emt 0:00:01]} c5 {[%emt 0:00:04]} 26. Kf2 {[%emt 0:00:02]} Rhg8 {[%emt 0:00:01]} 27. Rxe8+ {[%emt 0:00:01]} Rxe8 {[%emt 0:00:01]} 28. Re1 {[%emt 0:00:01]} Rg8 {[%emt 0:00:01]} 29. Bxh3 {[%emt 0:00:02]} Rh8 {[%emt 0:00:01]} 30. Re7 {[%emt 0:00:01]} Rxh3 {[%emt 0:00:02]} 31. Re8# {[%emt 0:00:00] (Lag: Av=0.91s, max=1.4s)} 1-0

[Event "Stay Safe Play From Home 256"]
[Site "Emanuel Lasker Arena"]
[Date "2020.06.26"]
[Round "9"]
[White "AChessPlayer"]
[Black "NeatFox"]
[Result "1-0"]
[WhiteElo "2442"]
[BlackElo "1765"]
[PlyCount "37"]
[EventDate "2020.06.26"]
[EventType "swiss (blitz)"]

1. e3 {[%emt 0:00:01]} c6 {[%emt 0:00:01]} 2. Nf3 {[%emt 0:00:00]} d5 {[%emt 0:00:00]} 3. d4 {[%emt 0:00:01]} g6 {[%emt 0:00:00]} 4. c4 {[%emt 0:00:00]} Bg7 {[%emt 0:00:00]} 5. Nc3 {[%emt 0:00:00]} Nf6 {[%emt 0:00:00]} 6. cxd5 {[%emt 0:00:00]} cxd5 {[%emt 0:00:01]} 7. Bb5+ {[%emt 0:00:00]} Qd7 {[%emt 0:00:01]} 8. O-O {[%emt 0:00:00]} Nc6 {[%emt 0:00:02]} 9. Ne5 {[%emt 0:00:00]} Qc7 {[%emt 0:00:02]} 10. Qa4 {[%emt 0:00:00]} Bd7 {[%emt 0:00:01]} 11. Nxd7 {[%emt 0:00:01]} Nxd7 {[%emt 0:00:01]} 12. Bd2 {[%emt 0:00:01]} O-O {[%emt 0:00:03]} 13. Nxd5 {[%emt 0:00:01]} Qc8 {[%emt 0:00:03]} 14. Bxc6 {[%emt 0:00:00]} Qd8 {[%emt 0:00:05]} 15. Bxd7 {[%emt 0:00:01]} e6 {[%emt 0:00:00]} 16. Nc3 {[%emt 0:00:01]} a6 {[%emt 0:00:02]} 17. Rac1 {[%emt 0:00:05]} Qc7 {[%emt 0:00:02]} 18. Ne4 {[%emt 0:00:01]} Rfd8 {[%emt 0:00:01]} 19. Rxc7 {[%emt 0:00:02] NeatFox gibt auf (Lag: Av=0.35s, max=0.8s)} 1-0

[Event "Stay Safe Play From Home 256"]
[Site "Emanuel Lasker Arena"]
[Date "2020.06.26"]
[Round "9"]
[White "Toosieslide"]
[Black "Buzaglo"]
[Result "1-0"]
[WhiteElo "2307"]
[BlackElo "1908"]
[PlyCount "79"]
[EventDate "2020.06.26"]
[EventType "swiss (blitz)"]

1. d4 {[%emt 0:00:04]} e6 {[%emt 0:00:00]} 2. c4 {[%emt 0:00:01]} d5 {[%emt 0:00:00]} 3. Nc3 {[%emt 0:00:01]} Nf6 {[%emt 0:00:00]} 4. cxd5 {[%emt 0:00:01]} c5 {[%emt 0:00:00]} 5. dxc5 {[%emt 0:00:03]} Bxc5 {[%emt 0:00:01]} 6. dxe6 {[%emt 0:00:01]} Bxe6 {[%emt 0:00:00]} 7. Qxd8+ {[%emt 0:00:01]} Kxd8 {[%emt 0:00:00]} 8. Bg5 {[%emt 0:00:00]} Nc6 {[%emt 0:00:01]} 9. O-O-O+ {[%emt 0:00:01]} Ke7 {[%emt 0:00:01]} 10. e3 {[%emt 0:00:02]} h6 {[%emt 0:00:02]} 11. Bxf6+ {[%emt 0:00:02]} Kxf6 {[%emt 0:00:00]} 12. Ne4+ {[%emt 0:00:01]} Ke7 {[%emt 0:00:02]} 13. Nxc5 {[%emt 0:00:00]} Bf5 {[%emt 0:00:03]} 14. Bd3 {[%emt 0:00:01]} Bxd3 {[%emt 0:00:01]} 15. Nxd3 {[%emt 0:00:01]} f6 {[%emt 0:00:00]} 16. Nf3 {[%emt 0:00:01]} a5 {[%emt 0:00:02]} 17. Rhe1 {[%emt 0:00:01]} a4 {[%emt 0:00:00]} 18. e4 {[%emt 0:00:02]} Kf7 {[%emt 0:00:00]} 19. e5 {[%emt 0:00:01]} f5 {[%emt 0:00:01]} 20. e6+ {[%emt 0:00:02]} Kg6 {[%emt 0:00:00]} 21. Nf4+ {[%emt 0:00:01]} Kh7 {[%emt 0:00:01]} 22. e7 {[%emt 0:00:01]} Rhe8 {[%emt 0:00:02]} 23. Nd5 {[%emt 0:00:00]} Rac8 {[%emt 0:00:01]} 24. Nh4 {[%emt 0:00:00]} Nb4+ {[%emt 0:00:01]} 25. Kb1 {[%emt 0:00:01]} Nxd5 {[%emt 0:00:02]} 26. Rxd5 {[%emt 0:00:01]} g6 {[%emt 0:00:00]} 27. Rd7 {[%emt 0:00:01]} Kg8 {[%emt 0:00:01]} 28. Nf3 {[%emt 0:00:01]} Kf7 {[%emt 0:00:00]} 29. Ne5+ {[%emt 0:00:01]} Ke6 {[%emt 0:00:01]} 30. Rxb7 {[%emt 0:00:01]} Kd6 {[%emt 0:00:01]} 31. Nxg6 {[%emt 0:00:01]} Kc6 {[%emt 0:00:02]} 32. Rb4 {[%emt 0:00:01]} Kc5 {[%emt 0:00:01]} 33. Rf4 {[%emt 0:00:01]} Kd6 {[%emt 0:00:00]} 34. Rxf5 {[%emt 0:00:01]} Rxe7 {[%emt 0:00:01]} 35. Rxe7 {[%emt 0:00:02]} Rg8 {[%emt 0:00:01]} 36. Rf6+ {[%emt 0:00:01]} Kd5 {[%emt 0:00:03]} 37. Re5+ {[%emt 0:00:00]} Kd4 {[%emt 0:00:01]} 38. Rf4+ {[%emt 0:00:00]} Kd3 {[%emt 0:00:01]} 39. Re3+ {[%emt 0:00:00]} Kd2 {[%emt 0:00:00]} 40. Rd4# {[%emt 0:00:00] (Lag: Av=0.59s, max=0.7s)} 1-0

[Event "Stay Safe Play From Home 256"]
[Site "Emanuel Lasker Arena"]
[Date "2020.06.26"]
[Round "9"]
[White "SoulofWolf"]
[Black "Lazieri3"]
[Result "0-1"]
[WhiteElo "2275"]
[BlackElo "2024"]
[PlyCount "70"]
[EventDate "2020.06.26"]
[EventType "swiss (blitz)"]

1. Nf3 {[%emt 0:00:00]} c6 {[%emt 0:00:02]} 2. e3 {[%emt 0:00:00]} d5 {[%emt 0:00:01]} 3. c4 {[%emt 0:00:00]} Nf6 {[%emt 0:00:00]} 4. b3 {[%emt 0:00:01]} Bf5 {[%emt 0:00:01]} 5. Bb2 {[%emt 0:00:00]} e6 {[%emt 0:00:01]} 6. a3 {[%emt 0:00:01]} Bd6 {[%emt 0:00:01]} 7. g3 {[%emt 0:00:00]} Qe7 {[%emt 0:00:01]} 8. Bg2 {[%emt 0:00:00]} Nbd7 {[%emt 0:00:01]} 9. O-O {[%emt 0:00:00]} O-O {[%emt 0:00:01]} 10. Nc3 {[%emt 0:00:00]} h6 {[%emt 0:00:01]} 11. Nd4 {[%emt 0:00:00]} Bg6 {[%emt 0:00:01]} 12. d3 {[%emt 0:00:00]} e5 {[%emt 0:00:01]} 13. Nde2 {[%emt 0:00:02]} Rfe8 {[%emt 0:00:03]} 14. Re1 {[%emt 0:00:00]} Rac8 {[%emt 0:00:01]} 15. Rc1 {[%emt 0:00:00]} Bxa3 {[%emt 0:00:01]} 16. Bxa3 {[%emt 0:00:02]} Qxa3 {[%emt 0:00:00]} 17. cxd5 {[%emt 0:00:02]} Nxd5 {[%emt 0:00:02]} 18. Nxd5 {[%emt 0:00:00]} cxd5 {[%emt 0:00:00]} 19. Ra1 {[%emt 0:00:02]} Qc5 {[%emt 0:00:02]} 20. Rc1 {[%emt 0:00:02]} Qb5 {[%emt 0:00:03]} 21. e4 {[%emt 0:00:11]} dxe4 {[%emt 0:00:02]} 22. dxe4 {[%emt 0:00:00]} Rxc1 {[%emt 0:00:03]} 23. Nxc1 {[%emt 0:00:00]} Nc5 {[%emt 0:00:02]} 24. Bf1 {[%emt 0:00:00]} Qb6 {[%emt 0:00:03]} 25. Qc2 {[%emt 0:00:04]} Rd8 {[%emt 0:00:04]} 26. Qc4 {[%emt 0:00:04]} Rd4 {[%emt 0:00:04]} 27. Qc3 {[%emt 0:00:01]} Nxe4 {[%emt 0:00:01]} 28. Qc8+ {[%emt 0:00:02]} Kh7 {[%emt 0:00:01]} 29. Ne2 {[%emt 0:00:02]} Rd2 {[%emt 0:00:03]} 30. Kg2 {[%emt 0:00:16]} Qxf2+ {[%emt 0:00:02]} 31. Kh3 {[%emt 0:00:00]} Ng5+ {[%emt 0:00:03]} 32. Kg4 {[%emt 0:00:01]} f5+ {[%emt 0:00:02]} 33. Qxf5 {[%emt 0:00:01]} Bxf5+ {[%emt 0:00:01]} 34. Kh4 {[%emt 0:00:00]} Qxh2+ {[%emt 0:00:01]} 35. Bh3 {[%emt 0:00:02]} Qxh3# {[%emt 0:00:01] (Lag: Av=0.56s, max=0.8s)} 0-1

[Event "Stay Safe Play From Home 256"]
[Site "Emanuel Lasker Arena"]
[Date "2020.06.26"]
[Round "9"]
[White "Bardellosport"]
[Black "Fischer_11"]
[Result "1-0"]
[WhiteElo "2033"]
[BlackElo "1896"]
[Annotator "NA"]
[PlyCount "69"]
[EventDate "2020.06.26"]
[EventType "swiss (blitz)"]

1. d4 {[%emt 0:00:01]} e5 {[%emt 0:00:02]} 2. Nf3 {[%emt 0:00:00]} Nc6 {[%emt 0:00:01]} 3. d5 {[%emt 0:00:01]} e4 {[%emt 0:00:02]} 4. dxc6 {[%emt 0:00:01]} exf3 {[%emt 0:00:01]} 5. cxd7+ {[%emt 0:00:00]} Bxd7 {[%emt 0:00:01]} 6. exf3 {[%emt 0:00:01]} Bd6 {[%emt 0:00:00]} 7. Nc3 {[%emt 0:00:06]} Nf6 {[%emt 0:00:00]} 8. Bd3 {[%emt 0:00:01]} O-O {[%emt 0:00:00]} 9. O-O {[%emt 0:00:00]} Re8 {[%emt 0:00:00]} 10. Bg5 {[%emt 0:00:01]} h6 {[%emt 0:00:02]} 11. Bxf6 {[%emt 0:00:01]} Qxf6 {[%emt 0:00:01]} 12. Ne4 {[%emt 0:00:00]} Qe7 {[%emt 0:00:02]} 13. Qd2 {[%emt 0:00:01]} Bc6 {[%emt 0:00:02]} 14. Rae1 {[%emt 0:00:01]} Bb4 {[%emt 0:00:05]} 15. c3 {[%emt 0:00:01]} Ba5 {[%emt 0:00:01]} 16. b4 {[%emt 0:00:01]} Bb6 {[%emt 0:00:01]} 17. Kh1 {[%emt 0:00:02]} Rad8 {[%emt 0:00:02]} 18. Ng3 {[%emt 0:00:02]} Qd6 {[%emt 0:00:05]} 19. Rd1 {[%emt 0:00:03]} g6 {[%emt 0:00:04]} 20. Qxh6 {[%emt 0:00:02]} Qf6 {[%emt 0:00:03]} 21. Bc2 {[%emt 0:00:03]} Qxc3 {[%emt 0:00:02]} 22. Bxg6 {[%emt 0:00:02]} fxg6 {[%emt 0:00:02]} 23. Qxg6+ {[%emt 0:00:00]} Qg7 {[%emt 0:00:01]} 24. Qf5 {[%emt 0:00:02]} Rf8 {[%emt 0:00:04]} 25. Qg4 {[%emt 0:00:02]} Qxg4 {[%emt 0:00:02]} 26. fxg4 {[%emt 0:00:00]} Kf7 {[%emt 0:00:04]} 27. Rxd8 {[%emt 0:00:01]} Rxd8 {[%emt 0:00:01]} 28. f4 {[%emt 0:00:00]} Rd2 {[%emt 0:00:01]} 29. Rg1 {[%emt 0:00:05]} Bxg1 {[%emt 0:00:02]} 30. Kxg1 {[%emt 0:00:01]} Rxg2+ {[%emt 0:00:00]} 31. Kf1 {[%emt 0:00:01]} Rxa2 {[%emt 0:00:00]} 32. Nf5 {[%emt 0:00:01]} Rxh2 {[%emt 0:00:03]} 33. Nh6+ {[%emt 0:00:00]} Ke8 {[%emt 0:00:01]} 34. g5 {[%emt 0:00:00]} Re2 {[%emt 0:00:01]} 35. Ng8 {[%emt 0:00:00] Zeit (Lag: Av=0.26s, max=0.4s)} 1-0